000
00253 a2200109 4500
000
nam a22 7a 4500
020
_a
0199488800
100
_a
Sanjay kumar
_9
69
245
_a
Communication skills: A workbook
260
_b
oxford
_c
2018
264
_b
oxford
999
_c
35907
_d
35907